| 000 | 00479nam a2200169 i 4500 | ||
|---|---|---|---|
| 001 | 50690 | ||
| 003 | ES-MaACL | ||
| 005 | 20230906162224.0 | ||
| 007 | t| | ||
| 008 | 030806s1911 sp ||||1| spa d | ||
| 100 | 1 |
_aCuquerella, Félix. _942197 |
|
| 245 | 1 | 0 |
_aPor las sendas del vivir _b: (versos) / _cFélix Cuquerella. |
| 260 |
_aAstorga : _b[s.n., _c1911] ( _fImp. Porfirio López) |
||
| 300 |
_a183 p. ; _c19 cm. |
||
| 852 |
_aES-MaACL _jG-1832 |
||
| 852 |
_aES-MaACL _jF-2401 |
||
| 999 |
_c50690 _d50690 |
||